| Tag |
First Indicator |
Second Indicator |
Subfields |
| LEADER |
00000cam a2200000 i 4500 |
| 001 |
in00000031451 |
| 005 |
20151007061702.0 |
| 008 |
800904s1980 pau b 10000 engm |
| 010 |
|
|
|a 79056035
|
| 020 |
|
|
|c $5.00
|
| 035 |
|
|
|a (OCoLC)06207777
|
| 035 |
|
|
|9 AAD2768AM
|
| 040 |
|
|
|a DLC
|c DLC
|d m.c.
|d TXA
|d UtOrBLW
|
| 043 |
|
|
|a n-us---
|
| 049 |
|
|
|a TXAM
|c [1166770]
|
| 082 |
0 |
|
|a 625.8
|2 19
|
| 090 |
|
|
|a TE251
|b .Q63
|
| 245 |
0 |
0 |
|a Quality assurance in pavement construction :
|b a symposium sponsored by ASTM Committee D-4 on Road and Paving Materials, American Society for Testing and Materials, Bal Harbour, Fla., 6 Dec. 1978 /
|c G.J. Allen, symposium chairman.
|
| 264 |
|
1 |
|a Philadelphia, Pa. :
|b American Society for Testing and Materials, 1980.
|c [date of publication not identified]
|
| 300 |
|
|
|a 7 unnumbered pages, 35 pages :
|b graphs ;
|c 23 cm.
|
| 336 |
|
|
|a text
|b txt
|2 rdacontent
|
| 337 |
|
|
|a unmediated
|b n
|2 rdamedia
|
| 338 |
|
|
|a volume
|b nc
|2 rdacarrier
|
| 490 |
1 |
|
|a ASTM special technical publication ; 709
|
| 504 |
|
|
|a Includes bibliographical references.
|
| 650 |
|
0 |
|a Pavements
|x Design and construction
|v Congresses.
|
| 650 |
|
0 |
|a Pavements
|v Congresses.
|
| 650 |
|
0 |
|a Quality assurance.
|
| 700 |
1 |
|
|a Allen, G. J.
|
| 710 |
2 |
|
|a ASTM Committee D-4 on Road and Paving Materials.
|
| 830 |
|
0 |
|a ASTM special technical publication ;
|v 709.
|
| 999 |
|
|
|a MARS
|
| 999 |
f |
f |
|s 1f83ddc7-6889-3a5e-bf71-0e44b8693ea0
|i 8b30f267-e938-3ec5-9284-b32ddae6d6ee
|t 0
|
| 952 |
f |
f |
|p ric
|a Texas A&M University
|b Rellis Campus
|c Joint Library Facility
|d Remote Storage
|t 0
|e TE251 .Q63
|h Library of Congress classification
|i unmediated -- volume
|m A14805389422
|
| 998 |
f |
f |
|a TE251 .Q63
|t 0
|l Remote Storage
|